MDQL
is popping MORE tags! Check the
thread
!
Quizzes
Events
Quiz Creation
Community
Videos
Private Events
Remove Ads
Sign In
Join for FREE
Feedback
Dark Mode
Quiz Categories
Sports
Geography
Music
Movies
Television
Just For Fun
Miscellaneous
History
Literature
Language
Science
Gaming
Entertainment
Religion
Holiday
For Kids
Quiz Lab
Recent
Popular Today
Quiz Kudos Today
Editor Picks
Curator Picks
Quizzes by...
Day
Popularity
Type
Ratings
Length
Year
Community
Subscriptions
Recent Discussions
Orange Saloon
Badges
Playlists
Quests
Create
Leaderboards
Showdown
Live 5
Trivia Bingo
Activity
Puzzle Library
Sporcle Events
Private Events
Virtual Trivia
Globe League
Become a Host
Pub Owners
SporcleCon
Opinionation
Our Games
Videos
Blog
Mobile Apps
Partnerships
Remove Ads and Go Orange
Feedback
Sports
Athletes
MLB
NBA
NHL
NFL
Soccer
Sports Teams
WWE
NCAA
Football
Premier League
Basketball
Baseball
Hockey
Golf
Tennis
Cricket
Rugby
Auto Racing
Olympics
World Cup
Sports
Athletes
MLB
NBA
NHL
NFL
Soccer
Sports Teams
WWE
NCAA
Football
Premier League
Basketball
Baseball
Hockey
Golf
Tennis
Cricket
Rugby
Auto Racing
Olympics
World Cup
Random Quiz
Search Sporcle
×
Quiz Lab
Quiz Lab
Sports
season
Type in answers that appear in a list
Type in answers that appear in a list
Classic
Best Score? Go Orange.
Partick Thistle 2012-13 Promotion Season Stats
Can you name the Partick Thistle 2012-13 Promotion Season team?
By
robpeecher
10m
32 Questions
104 Plays
104 Plays
104 Plays
Comments
Comments
Give Quiz Kudos
Give Quiz Kudos
-
- Ratings
hide this ad
More Info
Replay
Link that replays current quiz
Next Quiz
Link to next quiz in quiz playlist
You Got
0%
They Got
Avg Score
60%
Avg Friend Score
Upgrade to see
Score Distribution
Jump to the score distribution portion of the page
Score
0/32
Timer
10:00
0
Plays Today
Hint
Answer
% Correct
Manager
Alan Archibald
98.1%
DF
Alan Archibald
98.1%
FW
Kris Doolan
97.1%
MF
Chris Erskine
95.2%
GK
Scott Fox
91.3%
MF
Stuart Bannigan
87.5%
MF
Steven Lawless
87.5%
Manager
Jackie McNamara
85.6%
DF
Conrad Balatoni
85.6%
DF
Aaron Taylor-Sinclair
85.6%
DF
Aaron Muirhead
84.6%
FW
Steven Craig
84.6%
DF
Stephen O'Donnell
82.7%
FW
James Craigen
76%
DF
Paul Paton
71.2%
GK
Ryan Scully
70.2%
Hint
Answer
% Correct
MF
Sean Welsh
60.6%
FW
Christie Elliott
58.7%
MF
Ross Forbes
53.8%
MF
Hugh Murray
51.9%
GK
Graeme Smith
46.2%
DF
Liam Lindsay
41.3%
DF
Jordan McMillan
39.4%
DF
Andy Dowie
36.5%
FW
Mark McGuigan
32.7%
GK
Glenn Daniels
27.9%
MF
David Rowson
26.9%
MF
David Wilson
18.3%
MF
Paul Slane
16.3%
MF
Bradley Halsman
12.5%
MF
Jonathan Black
11.5%
MF
Jordan Leyden
7.7%
Quiz Playlist
Details
Report
Send in Message
Add To Playlist
More Info:
This includes all players who appeared in at least one match during the regular season.
Classic:
Type in answers that appear in a list
Quiz Source
Last Updated: Feb 26, 2017
Quiz Scoreboard
CHALLENGE
Sign Up to Join the Scoreboard
Show All
Scores
Hide
Comments
May contain spoilers
Recently Published
Colored Red Africa Blitz
by spor1
Geography
30s
Find the 'City' Movie
by crazypaving
Movies
60s
5x2 Blitz: Bands
by SL_Kpop136
Music
30s
More to Explore
Quiz From the Vault
Featured Blog Post
14 Easter Pick-up Lines to Find Eggs With
hide this ad
You Might Also Like...
Tags
promotion
season
team
Today's Top Quizzes in Sports
Browse Sports
hide this ad
Today's Top Quizzes in season
Browse season
Top Contributed Quizzes in Sports
1
Les meilleurs buteurs des matchs entre le PSG et l’OM
2
Les entraîneurs de l'OM et du PSG au 21e siècle
3
Les joueurs passés par le PSG et l'OM
4
2022 World Cup Stars
5
Players with Multiple 50 Home Run Seasons
6
Criteria MLB: Left Handed Sluggers
7
MLB Players with Two .350 Batting Average Seasons
8
Les joueurs passés par le LOSC et le RC Lens
9
NBA Logic Puzzle 2.0
10
Top 10 NHL Goal Scorers of All Time
Explore More
Trending Topics
NBA
Crossword
Harry Potter
Kpop
Disney
Anime
Marvel
Puzzle
Soccer
WWE
Country
NFL
The Office
Pokémon
Song
hide this ad
More By:
robpeecher
Quiz
Plays
Rating
Category
Featured
Created
Partick Thistle 2012-13 Promotion Season
104
5.00
Sports
Feb 26, 2017
Go to Creator's Profile
Score Distribution
Quiz Creator Spotlight
robpeecher
Follow
Send a Message
Quizzes Created
-
Created Quiz Play Count
-
More By This Creator
Popular Quizzes Today
1
Colored Red Africa Blitz
2
Find the US States - No Outlines Minefield
3
Find the 'City' Movie
4
5x2 Blitz: Bands
5
The Countries of the World
6
Find the US States
7
Find the Countries of Europe - No Outlines Minefield
8
US States
More Sports Quizzes
Cristiano Ronaldo's Portugal Hat-trick XI's
Quiz Lab
Trending Quizzes
Colored Red Europe Blitz I
Colored Red Europe Blitz II
Colored Red Africa Blitz II
Colored Red Europe Blitz III
Colored Red Africa Blitz III
Recently Updated
How Do You Spell That?
pecheneg
Godzilla Movies
pecheneg
Grab Bag: 4-10 Letters
pecheneg
2024 March Madness Bracket
pecheneg
Famous TV Couples
Peacemaker
Champions League XIs: Real Madrid
pecheneg
Largest US Cities 1790-2010
pecheneg
Rides in Walt Disney World
pecheneg
Most Oscar Losses (Acting)
pecheneg
Beyoncé Albums
pecheneg
Trending Topics
Kpop
Harry Potter
NBA
Anime
Disney
Marvel
Crossword
Country
Puzzle
WWE
Soccer
Song
NFL
Pokémon
The Office
Your Account Isn't Verified!
In order to create a playlist on Sporcle, you need to verify the email address you used during registration. Go to your
Sporcle Settings
to finish the process.
Report this User
Report this user for behavior that violates our
Community Guidelines
.
Details:
Send Report
Go to the Sporcle.com Mobile Site →
Comments